书目信息 |
| 题名: |
紧黎曼曲面引论
|
|
| 作者: | 伍鸿熙 著 | |
| 分册: | ||
| 出版信息: | 北京 科学出版社 1981.03 |
|
| 页数: | 293页 | |
| 开本: | 32开 | |
| 丛书名: | ||
| 单 册: | ||
| 中图分类: | O141.4 | |
| 科图分类: | ||
| 主题词: | 数理逻辑 , 数学基础 | |
| 电子资源: | ||
| ISBN: | 7-03-006204-3 | |
| 000 | 00567nam0 2200205 45 | |
| 001 | 0009052025 | |
| 005 | 20000905203234.5 | |
| 010 | @a7-03-006204-3@d17.00元 | |
| 100 | @a20000905d1981 km y0chiy0120 ea | |
| 101 | 0 | @achi |
| 105 | @a z 000yy | |
| 200 | 1 | @a紧黎曼曲面引论@AJin Li Man Qu Mian Yin Lun@f伍鸿熙等著@FWu Hong Xi Deng Zhu |
| 210 | @a北京@c科学出版社@d1981.03 | |
| 215 | @a293页@d32开 | |
| 606 | 0 | @a数理逻辑 |
| 606 | 0 | @a数学基础 |
| 690 | @aO141.4@v3 | |
| 701 | 0 | @a伍鸿熙@4著 |
| 801 | @aCN@bPftUser@c20000905 | |
| 905 | @b121662-663@dO141.4@eW888@f2 | |
| 紧黎曼曲面引论/伍鸿熙等著.-北京:科学出版社,1981.03 |
| 293页;32开 |
| ISBN 7-03-006204-3:17.00元 |
| ● |
| 相关链接 |
|
|
|
正题名:紧黎曼曲面引论
索取号:O141.4/W888
 
预约/预借
| 序号 | 登录号 | 条形码 | 馆藏地/架位号 | 状态 | 备注 |
| 1 | 121662 | 201216629 | 自科库401/401自科库 40排3列4层/ [索取号:O141.4/W888] | 在馆 | |
| 2 | 121663 | 201216638 | 自科库401/401自科库 40排3列4层/ [索取号:O141.4/W888] | 在馆 |